000 00798nam a2200241 i 4500
001 17550
003 ES-MaACL
005 20251009170758.0
007 t|
008 010403s2000 sp |||| | spa d
020 _a84-8428-025-X
080 _a821.111 Shakespeare, William 2.06
100 1 _aMcLeish, Kenneth.
_979602
245 1 0 _aGuía de las obras dramáticas de Shakespeare /
_cKenneth McLeish, Stepehn Unwin ; traducción, A.T. Desmonts.
250 _a1ª ed.
260 _aBarcelona :
_bAlba,
_c2000.
300 _a385 p. ;
_c21 cm.
600 1 4 _aShakespeare, William,
_d1564-1616-
_xCrítica e interpretación
_9105993
700 1 _aUnwin, Stephen.
_9112034
700 1 _aDesmonts, Antonio,
_d1942-
_9160311
852 _aES-MaACL
_jL-24469
999 _c17550
_d17550